01304nam a2200289 i 4500001001000000003000900010005001700019007000300036008004100039040003000080082001300110245009800123264003800221300006600259336002700325337003300352338002800385590002600413700006000439910001500499942001400514952011600528952010900644952011500753952012900868999001700997000034198DO-SdBNP20230517151845.0ta110927s1988 dr acg 000 0 spa d aDO-SdBNPbspacBNPHUerda 4bR31122200aRecopilación de la música popular dominicana. /ceditor L. Almanzor Gónzalez Canahuate. aSanto Domingo :bCorripio,c1988. a454 páginas :bilustraciones, retratos y música ;c28 cm. 2rdacontentatextobtxt 2rdamediaasin mediaciónbn 2rdacarrieravolumenbnc aInventariado, 2023/BT1 aGónzalez Canahuate, L. Amanzor,d1935-959620eeditor aBtavárez 2ddccLBS1 00102ddc56708DSaBNPHUbBNPHUcHDd2015-04-14oBNPHU DS R311p34198-30r2020-06-25te. 3w2020-06-25yLBS1 00102ddc51708PDaBNPHUbBNPHUcHDd2011-09-27oBNPHU PD R311p34198-10r2020-06-25w2020-06-25yLBS1 00102ddc51708PDaBNPHUbBNPHUcHDd2015-02-24oBNPHU PD R311p34198-20r2020-06-25te. 2w2020-06-25yLBS1 00102ddc56708DSaBNPHUbBNPHUcCTd2023-05-17eDonaciónl0oBNPHU DS R311p34198-40r2023-05-17te.4w2023-05-17yLBS1 c33689d33689